Top 10 du Tour de France depuis 2020 - Statistiques

Statistiques générales
  • Ce quiz a été pris 285 fois
  • Le résultat moyen est 45 sur 60
Statistiques - réponses
Année Classement Coureurs Team Nationalité % Correct
2 Jonas Vingegaard Jumbo-Visma Danemark
100%
2022 1 Jonas Vingegaard Jumbo-Visma Danemark
100%
2023 1 Jonas Vingegaard Jumbo-Visma Danemark
100%
2 Jonas Vingegaard Visma Lease a Bike Danemark
100%
2 Jonas Vingegaard Visma Lease a Bike Danemark
100%
2020 1 Tadej Pogacar UAE Team Emirates Slovénie
100%
2021 1 Tadej Pogacar UAE Team Emirates Slovénie
100%
2 Tadej Pogacar UAE Team Emirates Slovénie
100%
2 Tadej Pogacar UAE Team Emirates Slovénie
100%
2024 1 Tadej Pogacar UAE Team Emirates Slovénie
100%
2025 1 Tadej Pogacar UAE Team Emirates Slovénie
100%
2 Primoz Roglic Jumbo-Visma Slovénie
96%
8 Primoz Roglic RedBull-Bora-Hansgrohe Slovénie
96%
9 Adam Yates Mitchelton-Scott Grande-Bretagne
88%
9 Adam Yates Ineos Grenadiers Grande-Bretagne
88%
3 Adam Yates UAE Team Emirates Grande-Bretagne
88%
6 Adam Yates UAE Team Emirates Grande-Bretagne
88%
7 Kévin Vauquelin Arkéa-B&B Hotels France
88%
3 Remco Evenepoel Soudal-Quick Step Belgique
88%
6 Romain Bardet Team DSM France
88%
4 Simon Yates Jayco AlUla Grande-Bretagne
88%
3 Geraint Thomas Ineos Grenadiers Grande-Bretagne
86%
4 David Gaudu Groupama-FDJ France
84%
9 David Gaudu Groupama-FDJ France
84%
8 Felix Gall AG2R Citroen Team Autriche
84%
5 Felix Gall Decathlon AG2R La Mondiale Autriche
84%
9 Ben Healy EF Education-Easy Post Irlande
80%
3 Florian Lipowitz RedBull-Bora-Hansgrohe Allemagne
80%
8 Guillaume Martin Cofidis France
79%
10 Guillaume Martin Cofidis France
79%
4 Joao Almeida UAE Team Emirates Portugal
79%
3 Richard Carapaz Ineos Grenadiers Équateur
79%
4 Ben O'Connor AG2R Citroen Team Australie
77%
4 Oscar Onley Picnic PostNL Grande-Bretagne
77%
10 Jordan Jegat TotalEnergies France
75%
5 Carlos Rodriguez Ineos Grenadiers Espagne
74%
7 Carlos Rodriguez Ineos Grenadiers Espagne
74%
5 Enric Mas Movistar Espagne
72%
6 Enric Mas Movistar Espagne
72%
4 Mikel Landa Bahrain McLaren Espagne
68%
5 Mikel Landa Soudal-Quick Step Espagne
68%
8 Matteo Jorgenson Visma Lease a Bike États-Unis
64%
6 Tobias Johannessen Uno-X Mobility Norvège
64%
5 Aleksandr Vlasov Bora-Hansgrohe Russie
63%
7 Alexey Lutsenko Astana-Premier Tech Kazakhstan
60%
8 Alexey Lutsenko Astana Qazaqstan Kazakhstan
60%
10 Valentin Madouas Groupama-FDJ France
60%
7 Louis Meintjes Intermarché-Wanty Gobert Afrique du sud
58%
8 Rigoberto Uran EF Pro Cycling Colombie
57%
10 Rigoberto Uran EF Education-Nippo Colombie
57%
3 Richie Porte Trek-Segafredo Australie
56%
10 Santiago Buitrago Bahrain Victorious Colombie
52%
9 Derek Gee Israel-Premier Tech Canada
49%
7 Jai Hindley Bora-Hansgrohe Australie
48%
6 Miguel Angel Lopez Astana-Premier Tech Colombie
48%
7 Tom Dumoulin Jumbo-Visma Pays-Bas
46%
9 Pello Bilbao Bahrain Victorious Espagne
43%
6 Pello Bilbao Bahrain Victorious Espagne
43%
10 Damiano Caruso Bahrain McLaren Italie
35%
5 Wilco Kelderman Bora-Hansgrohe Pays-Bas
32%
Aucun quiz correspondant
Distribution des résultats
% des personnes avec chaque résultat
Percentile par nombre de réponses
Votre historique - résultats
Vous n’avez pas pris ce quiz